[Event "Baden-ch U16"]
[Site "Karlsruhe"]
[Date "2014.01.02"]
[Round "1"]
[White "Engelhard, Simon"]
[Black "Riehle, Marco"]
[Result "0-1"]
[WhiteElo "1464"]
[BlackElo "1885"]
[PlyCount "44"]
[EventDate "2014.01.??"]
[EventType "swiss"]
[EventRounds "7"]
[EventCountry "GER"]
[SourceTitle "EXT 2022"]
[Source "ChessBase"]
[SourceDate "2021.10.06"]
[SourceVersion "1"]
[SourceVersionDate "2021.10.06"]
[SourceQuality "1"]

1. e4 e5 2. Nf3 Nf6 3. Nc3 Nc6 4. d4 exd4 5. Nxd4 Bb4 6. f3 0-0 7. Bc4 d5 8. Nxc6 bxc6 9. e5 Nh5 10. g4 Qh4+ 11. Ke2 Re8 12. Nxd5 cxd5 13. Bxd5 Ba6+ 14. c4 Rxe5+ 15. Be4 Bxc4+ 16. Ke3 Bc5+ 17. Qd4 Qg5+ 18. Kf2 Bxd4+ 19. Kg2 Qh4 20. a3 Rxe4 21. Rd1 Re2+ 22. Kf1 Qh3# 0-1